From poverty to power?: Participation in intermediary organisations in Site C, Khayelitsha. (Record no. 44046)
[ view plain ]
| 000 -LEADER | |
|---|---|
| fixed length control field | 00860nam a2200181 a 4500 |
| 008 - FIXED-LENGTH DATA ELEMENTS--GENERAL INFORMATION | |
| fixed length control field | 120808s2010 ||||||||||||||||| || u |
| 020 ## - INTERNATIONAL STANDARD BOOK NUMBER | |
| International Standard Book Number | 9781868087136 |
| 050 ## - LIBRARY OF CONGRESS CALL NUMBER | |
| Classification number | ACCD(08)WP/5 |
| 110 ## - MAIN ENTRY--CORPORATE NAME | |
| Corporate name or jurisdiction name as entry element | African Centre for Citizenship and Democracy (ACCEDE) |
| 245 10 - TITLE STATEMENT | |
| Title | From poverty to power?: Participation in intermediary organisations in Site C, Khayelitsha. |
| Statement of responsibility, etc. | By Lisa Thompson and Ina Conradie |
| 260 ## - PUBLICATION, DISTRIBUTION, ETC. | |
| Place of publication, distribution, etc. | Bellville |
| Name of publisher, distributor, etc. | African Centre for Citizenship and Democracy |
| Date of publication, distribution, etc. | 2010 |
| 300 ## - PHYSICAL DESCRIPTION | |
| Extent | 23p.:ill. |
| 490 ## - SERIES STATEMENT | |
| Series statement | African Centre for Citizenship and Democracy Working Papers |
| 500 ## - GENERAL NOTE | |
| General note | Working paper no. 5 |
| 650 ## - SUBJECT ADDED ENTRY--TOPICAL TERM | |
| Topical term or geographic name entry element | POLITICAL PARTICIPATION--CASE STUDIES--SOUTH AFRICA |
| 650 ## - SUBJECT ADDED ENTRY--TOPICAL TERM | |
| Topical term or geographic name entry element | SOUTH AFRICA--POLITICS AND GOVERNMENT |
| 995 ## - RECOMMENDATION 995 [LOCAL, UNIMARC FRANCE] | |
| -- | CBU-MAIN LIBRARY (Kitwe) |
| -- | 1 |
| -- | AVAILABLE |
| -- | Aug 10, 2012 |
| -- | International Publications |
| Withdrawn status | Lost status | Source of classification or shelving scheme | Damaged status | Not for loan | Home library | Current library | Shelving location | Date acquired | Total Checkouts | Full call number | Barcode | Date last seen | Price effective from | Koha item type |
|---|---|---|---|---|---|---|---|---|---|---|---|---|---|---|
| CBU-MAIN LIBRARY, KITWE. | CBU-MAIN LIBRARY, KITWE. | 11/30/2022 | ACCD(08)WP/5 | B95 | 11/30/2022 | 11/30/2022 | MONOGRAPH |